[Event "12th Open"]
[Site "Dubai UAE"]
[Date "2010.04.07"]
[Round "3"]
[White "Petrosian,TL"]
[Black "Antonio,V"]
[Result "1-0"]
[WhiteElo "2612"]
[BlackElo "2201"]
[EventDate "2010.04.05"]

1. e4 c5 2. Nf3 d6 3. d4 cxd4 4. Nxd4 Nf6 5. Nc3 g6 6. Be3 Bg7 7. f3 O-O 8.
Qd2 Nc6 9. O-O-O d5 10. exd5 Nxd5 11. Nxc6 bxc6 12. Bd4 e5 13. Bc5 Be6 14.
Ne4 Re8 15. h4 h6 16. g4 Qc7 17. g5 h5 18. Bc4 Rad8 19. Qf2 Rd7 20. Rd2
Red8 21. Rhd1 Nf4 22. Bxe6 Nxe6 23. Rxd7 Rxd7 24. Rxd7 Qxd7 25. Bxa7 Nd4
26. Bxd4 exd4 27. a4 Qd5 28. Qe2 Qa2 29. Nf6+ Bxf6 30. gxf6 Kh7 31. Qe7 g5
32. Qf8 Kg6 33. Qg7+ Kf5 34. Qxg5+ Ke6 35. f4 Qc4 36. Qe5+ Kd7 37. b3 1-0

[Event "12th Open"]
[Site "Dubai UAE"]
[Date "2010.04.07"]
[Round "3"]
[White "Ayyad,M"]
[Black "Khader,Sam"]
[Result "0-1"]
[WhiteElo "2151"]
[BlackElo "2466"]
[EventDate "2010.04.05"]

1. d4 Nf6 2. Nf3 d5 3. Bf4 c5 4. e3 Nc6 5. c3 Qb6 6. Qb3 c4 7. Qc2 Bf5 8.
Qc1 h6 9. h3 g5 10. Bh2 Bg7 11. Be2 O-O 12. O-O Bh7 13. Nbd2 g4 14. Ne5
gxh3 15. gxh3 Nxe5 16. Bxe5 Qe6 17. Kh2 Kh8 18. Rg1 Rg8 19. Rg3 Ne8 20.
Bxg7+ Nxg7 21. Qh1 Nf5 22. Rxg8+ Rxg8 23. Nf1 Qd6+ 24. f4 Nxe3 0-1

[Event "12th Open"]
[Site "Dubai UAE"]
[Date "2010.04.07"]
[Round "3"]
[White "Tawfeik,Mou"]
[Black "Venkatesh,M"]
[Result "0-1"]
[WhiteElo "2150"]
[BlackElo "2441"]
[EventDate "2010.04.05"]

1. Nf3 Nf6 2. g3 g6 3. b3 Bg7 4. Bb2 d6 5. d4 O-O 6. Bg2 c6 7. O-O Qc7 8.
Re1 Nbd7 9. e4 e5 10. c4 a5 11. Nc3 exd4 12. Nxd4 Nc5 13. Qc2 Bd7 14. Rad1
Rad8 15. Ba3 Rfe8 16. h3 Bc8 17. Nf3 Nfd7 18. Na4 b6 19. Nd4 Nxa4 20. bxa4
Nc5 21. e5 dxe5 22. Nxc6 Rxd1 23. Qxd1 Bb7 24. Bxc5 bxc5 25. Qd5 e4 26.
Rxe4 Bxc6 27. Qxc5 Rc8 28. Re7 Qd8 29. Bxc6 0-1

[Event "12th Open"]
[Site "Dubai UAE"]
[Date "2010.04.07"]
[Round "3"]
[White "Meenakshi,Sub"]
[Black "Molina,Ant1"]
[Result "1-0"]
[WhiteElo "2348"]
[BlackElo "2122"]
[EventDate "2010.04.05"]

1. d4 Nf6 2. c4 g6 3. Nf3 Bg7 4. g3 O-O 5. Bg2 d6 6. Nc3 Nc6 7. O-O Bf5 8.
b3 e5 9. dxe5 dxe5 10. Ba3 Re8 11. Nh4 Be6 12. Qc1 Qc8 13. Rd1 h6 14. Bh1
Bg4 15. Bc5 Nd8 16. f3 Bh3 17. Nd5 Kh7 18. Qc2 Nxd5 19. cxd5 c6 20. d6 Qd7
21. e3 Ne6 22. Ba3 Bf6 23. Bb2 Ng7 24. Ng2 Nf5 25. g4 Bxg2 26. gxf5 Bh3 27.
fxg6+ fxg6 28. Bg2 Bxg2 29. Kxg2 Re6 30. e4 Rxd6 31. Ba3 Rd4 32. Bc5 Rxd1
33. Rxd1 Qf7 34. Qc4 Qxc4 35. Rd7+ Kg8 36. bxc4 b6 37. Be3 Bg7 38. Rd6 Rc8
39. Rxg6 Kh7 40. Rd6 Rc7 41. a4 c5 42. Kg3 Bf8 43. Rd5 Bg7 44. Kg4 Rf7 45.
a5 Bf8 46. Rxe5 Rf6 47. a6 Kg6 48. f4 Bd6 49. Rd5 Bf8 50. f5+ Kg7 1-0

[Event "12th Open"]
[Site "Dubai UAE"]
[Date "2010.04.07"]
[Round "3"]
[White "Saud,M"]
[Black "Grabinsky,V"]
[Result "0-1"]
[WhiteElo "2102"]
[BlackElo "2316"]
[EventDate "2010.04.05"]

1. d4 Nf6 2. Nf3 e6 3. e3 c5 4. Bd3 Nc6 5. O-O d5 6. b3 Be7 7. Bb2 cxd4 8.
exd4 O-O 9. Nbd2 b6 10. Ne5 Nxe5 11. dxe5 Nd7 12. f4 Nc5 13. Be2 Ne4 14.
Nxe4 dxe4 15. Bc4 Bb7 16. Qe2 Bc5+ 17. Kh1 g6 18. f5 gxf5 19. Qh5 Be3 20.
Ba3 Qg5 21. Qxg5+ Bxg5 22. Bxf8 Kxf8 23. Rad1 Bc6 24. Rd6 Rc8 25. a4 Be7
26. Rdd1 Bb4 27. Ba6 Rc7 28. Rd8+ Ke7 29. Rfd1 Bc3 30. Rh8 e3 31. Be2 Be4
32. Rdd8 Bxe5 0-1

[Event "12th Open"]
[Site "Dubai UAE"]
[Date "2010.04.08"]
[Round "4"]
[White "Kotanjian,T"]
[Black "Iturrizaga,E"]
[Result "1/2-1/2"]
[WhiteElo "2522"]
[BlackElo "2604"]
[EventDate "2010.04.05"]

1. d4 Nf6 2. c4 e6 3. Nc3 Bb4 4. Qc2 O-O 5. a3 Bxc3+ 6. Qxc3 d5 7. cxd5 Ne4
8. Qc2 exd5 9. Bf4 Nc6 10. e3 g5 11. Bg3 f5 12. f3 Nxg3 13. hxg3 Qe7 14.
Kf2 f4 15. gxf4 gxf4 16. exf4 Nxd4 17. Qc3 Qg7 18. Bd3 Bf5 19. Rh5 Bxd3 20.
Qxd3 Rxf4 21. Re1 Raf8 22. Ree5 Rg4 23. Rh2 c6 24. Reh5 Ne6 25. Ne2 Rg6 26.
Rxh7 Qxh7 27. Rxh7 Kxh7 28. g4 Ng5 29. Nd4 Ne4+ 30. Ke1 Nd6 31. Kd1 Kg7 32.
Qe3 Kg8 33. Qe5 Re8 34. Qh5 Kg7 35. f4 Re4 36. Nf5+ Nxf5 37. Qxf5 Rf6 38.
Qg5+ Rg6 39. Qf5 Rf6 40. Qg5+ 1/2-1/2

[Event "12th Open"]
[Site "Dubai UAE"]
[Date "2010.04.08"]
[Round "4"]
[White "Harika,D"]
[Black "Melkumyan,H"]
[Result "1/2-1/2"]
[WhiteElo "2473"]
[BlackElo "2582"]
[EventDate "2010.04.05"]

1. d4 Nf6 2. c4 g6 3. g3 Bg7 4. Bg2 d5 5. cxd5 Nxd5 6. Nf3 O-O 7. O-O Nb6
8. Nc3 Nc6 9. e3 Re8 10. Re1 a5 11. h3 a4 12. Rb1 Ra5 13. Bd2 e5 14. Nxe5
Nxe5 15. dxe5 Nc4 16. Qe2 Nxd2 17. Rbd1 Bxe5 18. Rxd2 Qe7 19. Nd5 Qe6 20.
a3 Rc5 21. Red1 Bg7 22. Rc2 Rxc2 23. Qxc2 Qe5 24. Qxc7 Be6 25. Qxb7 Qxb2
26. Qc6 Rb8 27. Qxa4 Qb3 28. Qxb3 Rxb3 29. a4 Ra3 30. Nb6 Bf8 31. Rc1 Bb4
32. g4 Ba5 33. Nc4 Rxa4 34. Nxa5 Rxa5 35. Kh2 h5 36. Kg3 hxg4 37. hxg4 g5
38. Rc3 Rb5 39. Bf1 Rb4 40. Be2 Rb2 41. Bd1 Kg7 42. f4 gxf4+ 43. exf4 Rd2
44. Bc2 Bd5 45. g5 Rg2+ 46. Kh3 Re2 47. f5 Be4 48. Bxe4 Rxe4 49. Rc8 Rf4
50. Rc5 Rf1 51. Kg2 Rf4 52. Rd5 1/2-1/2

[Event "12th Open"]
[Site "Dubai UAE"]
[Date "2010.04.08"]
[Round "4"]
[White "Tejas,R"]
[Black "Ghaem Maghami,E"]
[Result "0-1"]
[WhiteElo "2165"]
[BlackElo "2575"]
[EventDate "2010.04.05"]

1. Nf3 Nf6 2. c4 e6 3. Nc3 Bb4 4. Qb3 c5 5. g3 Nc6 6. a3 Ba5 7. Bg2 O-O 8.
O-O d6 9. d3 h6 10. e3 Rb8 11. d4 Qe7 12. Qc2 a6 13. b3 b5 14. dxc5 dxc5
15. cxb5 axb5 16. Bb2 Ba6 17. Rfc1 c4 18. b4 Bb6 19. Rd1 Rfd8 20. Nd2 Rbc8
21. Nde4 Nd5 22. Kh1 Qe8 23. Rab1 Nce7 24. Ba1 Bb7 25. Qb2 f6 26. Qe2 e5
27. Nxd5 Nxd5 28. Nc3 Nxc3 29. Bxc3 Bxg2+ 30. Kxg2 Qc6+ 31. Qf3 Rd3 32.
Qxc6 Rxc6 33. Rbc1 e4 34. Rxd3 cxd3 35. Bd2 Rxc1 36. Bxc1 Kf7 37. f3 f5 38.
g4 f4 39. Kf2 fxe3+ 0-1

[Event "12th Open"]
[Site "Dubai UAE"]
[Date "2010.04.08"]
[Round "4"]
[White "Ibrahimov,R"]
[Black "Baklan,V"]
[Result "1/2-1/2"]
[WhiteElo "2538"]
[BlackElo "2644"]
[EventDate "2010.04.05"]

1. Nf3 Nf6 2. c4 e6 3. Nc3 Bb4 4. g3 O-O 5. Bg2 d5 6. a3 Be7 7. d4 Ne4 8.
Qc2 Nxc3 9. Qxc3 c6 10. O-O Nd7 11. Bf4 a5 12. Rac1 a4 13. Rfe1 Nf6 14. Nd2
Qa5 15. e4 Qxc3 16. Rxc3 dxe4 17. Nxe4 Nxe4 18. Bxe4 Bf6 19. Be5 Rd8 20.
Bxf6 gxf6 21. d5 cxd5 22. cxd5 exd5 23. Bxd5 Rxd5 24. Re8+ Kg7 25. Rexc8
Rxc8 26. Rxc8 Rd2 27. Rc4 Rxb2 28. Rxa4 Rb3 29. Kg2 b5 30. Rb4 Rxa3 31.
Rxb5 1/2-1/2

[Event "12th Open"]
[Site "Dubai UAE"]
[Date "2010.04.08"]
[Round "4"]
[White "Savchenko,S"]
[Black "Gelashvili,T"]
[Result "1/2-1/2"]
[WhiteElo "2526"]
[BlackElo "2621"]
[EventDate "2010.04.05"]

1. Nf3 Nf6 2. c4 e6 3. Nc3 Bb4 4. Qc2 O-O 5. a3 Bxc3 6. Qxc3 b6 7. e3 Bb7
8. Be2 Qe7 9. O-O c5 10. b4 Nc6 11. bxc5 bxc5 12. d3 d6 13. Rb1 Rab8 14.
Qc2 Ba8 15. Bd2 Rbe8 16. Bc3 e5 17. Nd2 Nd4 18. exd4 exd4 19. Bf3 dxc3 20.
Qxc3 Bxf3 21. Nxf3 Qc7 22. h3 Rb8 23. Nd2 Nd7 24. Rxb8 Nxb8 25. d4 Nc6 26.
Nf3 cxd4 27. Nxd4 Nxd4 28. Qxd4 Rc8 29. Rd1 h6 30. Qxd6 Qxc4 1/2-1/2

[Event "12th Open"]
[Site "Dubai UAE"]
[Date "2010.04.08"]
[Round "4"]
[White "Ibrayev,N"]
[Black "Iordachescu,V"]
[Result "0-1"]
[WhiteElo "2405"]
[BlackElo "2621"]
[EventDate "2010.04.05"]

1. d4 Nf6 2. c4 e6 3. g3 c5 4. Nf3 cxd4 5. Nxd4 Bb4+ 6. Nc3 Ne4 7. Qd3 Nxc3
8. bxc3 Be7 9. Bg2 O-O 10. O-O d6 11. Rd1 a6 12. Nb3 Qc7 13. Ba3 Rd8 14.
Rd2 Nc6 15. f4 b6 16. Rb1 Bb7 17. Qe3 d5 18. Bxe7 Nxe7 19. c5 b5 20. Qf2
Bc6 21. Rbd1 Rac8 22. Qd4 a5 23. Nc1 h6 24. Rb2 Be8 25. Nd3 Nc6 26. Qf2 Nb8
27. e4 dxe4 28. Bxe4 Na6 29. Rbd2 Nxc5 30. Nxc5 Rxd2 31. Rxd2 Qxc5 32. Qxc5
Rxc5 33. Kf2 Kf8 34. Ke1 Ke7 35. Rd3 g5 36. fxg5 hxg5 37. Kd2 g4 38. Re3
Re5 39. Bd3 Rh5 40. Re2 Bc6 41. Ke3 Rc5 42. Kd4 Kd6 0-1

[Event "12th Open"]
[Site "Dubai UAE"]
[Date "2010.04.08"]
[Round "4"]
[White "Safarli,E"]
[Black "Shanava,K"]
[Result "1/2-1/2"]
[WhiteElo "2606"]
[BlackElo "2544"]
[EventDate "2010.04.05"]

1. e4 c5 2. Nf3 d6 3. d4 cxd4 4. Nxd4 Nf6 5. Nc3 Nc6 6. Bg5 Bd7 7. Qd2 Rc8
8. f4 Nxd4 9. Qxd4 Qa5 10. e5 Rxc3 11. Qxc3 Qxc3+ 12. bxc3 Ne4 13. exd6 e6
14. Be7 Bxe7 15. dxe7 Nxc3 16. Bd3 Kxe7 17. Kd2 Na4 18. Rhb1 Bc6 19. Rb4
Rd8 20. g4 Nc5 21. Re1 b5 22. Re5 Nd7 23. Rg5 g6 24. Rgxb5 Bxb5 25. Rxb5
Nb6 26. Ke3 Rd5 27. a4 Kd6 28. g5 Rxb5 29. Bxb5 Nd5+ 30. Ke4 f5+ 31. gxf6
Nxf6+ 32. Kd4 1/2-1/2

[Event "12th Open"]
[Site "Dubai UAE"]
[Date "2010.04.08"]
[Round "4"]
[White "Aleksandrov,A"]
[Black "Laxman,R"]
[Result "1/2-1/2"]
[WhiteElo "2601"]
[BlackElo "2485"]
[EventDate "2010.04.05"]

1. d4 Nf6 2. c4 e6 3. Nc3 Bb4 4. e3 O-O 5. Bd3 d5 6. Nf3 c5 7. O-O dxc4 8.
Bxc4 a6 9. a3 Bxc3 10. bxc3 b5 11. Be2 Bb7 12. a4 c4 13. Ba3 Re8 14. Qb1
Qd5 15. Ne1 e5 16. axb5 axb5 17. dxe5 Qxe5 18. Nf3 Bxf3 19. Bxf3 Ra6 20.
Qb2 Ne4 21. Bxe4 Qxe4 22. Qxb5 Rg6 23. g3 Nc6 24. Bc5 Rb8 25. f3 Qe6 26.
Qa4 h5 27. Qc2 h4 28. g4 Ne5 29. Qe2 f5 30. e4 fxg4 31. f4 Nf3+ 32. Kh1 Rf6
33. Rxf3 gxf3 34. Qxf3 Re8 35. Bd4 Qxe4 36. Qxe4 Rxe4 37. Bxf6 gxf6 38. f5
Re3 39. Rg1+ Kf7 40. Rg4 Rxc3 41. Rxh4 Rc2 42. Rh7+ Ke8 43. Kg1 Re2 44. Rc7
Re4 45. Kf2 Kd8 46. Rc6 Ke7 47. Kf3 Rh4 48. Ke3 Rh3+ 49. Kd4 Rxh2 50. Kxc4
Rf2 51. Rc5 Kd6 52. Rd5+ Kc6 1/2-1/2

[Event "12th Open"]
[Site "Dubai UAE"]
[Date "2010.04.08"]
[Round "4"]
[White "Khader,Sam"]
[Black "El Arousy,A"]
[Result "1-0"]
[WhiteElo "2466"]
[BlackElo "2265"]
[EventDate "2010.04.05"]

1. e4 e6 2. d4 d5 3. Nc3 Nf6 4. Bg5 Be7 5. e5 Nfd7 6. h4 Bxg5 7. hxg5 Qxg5
8. Qd3 g6 9. Nf3 Qe7 10. Qe3 a6 11. O-O-O Nc6 12. Ng5 Ndxe5 13. dxe5 d4 14.
Qf4 dxc3 15. Nxh7 cxb2+ 16. Kb1 g5 17. Nf6+ Qxf6 18. exf6 Rxh1 19. Qxc7 1-0

[Event "12th Open"]
[Site "Dubai UAE"]
[Date "2010.04.08"]
[Round "4"]
[White "Volkov,Sergey1"]
[Black "Schneider,Ve"]
[Result "1-0"]
[WhiteElo "2612"]
[BlackElo "2314"]
[EventDate "2010.04.05"]

1. d4 Nf6 2. c4 g6 3. Nc3 d5 4. Nf3 Bg7 5. Qb3 dxc4 6. Qxc4 O-O 7. e4 Na6
8. Be2 c5 9. d5 e6 10. O-O exd5 11. exd5 Bf5 12. Be3 Re8 13. Rad1 Qb6 14.
b3 Rac8 15. h3 Ne4 16. Nxe4 Rxe4 17. Qb5 Rb4 18. Qxb6 Rxb6 19. g4 Bd7 20.
Rd2 h5 21. Ng5 hxg4 22. hxg4 Rb4 23. d6 f6 24. a3 Rxg4+ 25. Bxg4 Bxg4 26.
f3 Bd7 27. Ne4 f5 28. Ng5 Re8 29. Kf2 b6 30. Rc1 Nb8 31. b4 cxb4 32. axb4
Nc6 33. f4 Bf6 34. b5 Nb8 35. Rd5 1-0

[Event "12th Open"]
[Site "Dubai UAE"]
[Date "2010.04.08"]
[Round "4"]
[White "Fedorov,Alex"]
[Black "Meenakshi,Sub"]
[Result "1-0"]
[WhiteElo "2618"]
[BlackElo "2348"]
[EventDate "2010.04.05"]

1. e4 e5 2. Nf3 Nc6 3. Bb5 a6 4. Ba4 Nf6 5. O-O b5 6. Bb3 Bc5 7. c3 d6 8.
a4 Rb8 9. axb5 axb5 10. d4 Bb6 11. h3 O-O 12. Re1 h6 13. Be3 exd4 14. cxd4
Na5 15. Bc2 Nc4 16. Bc1 Ba5 17. Re2 Bb4 18. b3 Nb6 19. d5 Re8 20. Nd4 Bd7
21. Re3 Bc5 22. Bb2 Ra8 23. Rg3 Rxa1 24. Bxa1 Qa8 25. Nd2 Nh5 26. Rf3 g6
27. b4 Bxb4 28. N2b3 Nxd5 29. Ne2 Ndf6 30. Bxf6 Nxf6 31. Rxf6 Bc6 32. Nbd4
Bxe4 33. Bxe4 Rxe4 34. Qb3 d5 35. Qxb4 Rxe2 36. Kh2 Re4 37. Qc5 Kg7 38. Rf3
c6 39. Nxc6 Re6 40. Nd4 Qb8+ 41. g3 1-0

[Event "12th Open"]
[Site "Dubai UAE"]
[Date "2010.04.08"]
[Round "4"]
[White "Bajarani,U"]
[Black "Kowsarinia,A"]
[Result "1-0"]
[WhiteElo "2395"]
[BlackElo "2139"]
[EventDate "2010.04.05"]

1. e4 c5 2. Nf3 Nc6 3. Nc3 e5 4. Bc4 d6 5. d3 Be7 6. Nd2 Bg5 7. Nf1 Bxc1 8.
Rxc1 Nge7 9. Ne3 O-O 10. O-O Ng6 11. Ncd5 Rb8 12. c3 b5 13. Bb3 Be6 14. g3
Nce7 15. f4 Nxd5 16. Nxd5 Bxd5 17. Bxd5 exf4 18. gxf4 Kh8 19. Qh5 f5 20.
exf5 Ne7 21. Be6 Rf6 22. Rce1 Qf8 23. Bd7 Qd8 24. Be6 Qf8 25. Re4 Nxf5 26.
Rfe1 g6 27. Qg5 Ng7 28. Bd7 d5 29. Re7 Rxf4 30. Qxd5 Rd8 31. Qg5 a6 32. h3
Rf3 33. Qe5 Rf7 34. Rxf7 Qxf7 35. Bg4 h5 36. Rf1 Qxa2 37. Qg5 Qd5 1-0

[Event "12th Open"]
[Site "Dubai UAE"]
[Date "2010.04.08"]
[Round "4"]
[White "Karavade,E"]
[Black "Umudova,N"]
[Result "1-0"]
[WhiteElo "2366"]
[BlackElo "2211"]
[EventDate "2010.04.05"]

1. d4 Nf6 2. Nf3 g6 3. c4 Bg7 4. Nc3 O-O 5. e4 d6 6. Be2 e5 7. Be3 Na6 8.
O-O Ng4 9. Bg5 Qe8 10. c5 exd4 11. Nd5 dxc5 12. Bxa6 bxa6 13. Nxc7 Qd7 14.
Nxa8 Bb7 15. Rc1 Rc8 16. Re1 Bxa8 17. h3 Nf6 18. Nd2 Bb7 19. e5 Qd5 20. Qf3
Nd7 21. Qxd5 Bxd5 22. Bf4 c4 23. Ne4 Rc6 24. Rcd1 d3 25. b3 a5 26. Nd6 cxb3
27. Rxd3 Nb6 28. axb3 h6 29. Nb5 a6 30. Nd6 Be6 31. Red1 g5 32. Bg3 a4 33.
bxa4 Nxa4 34. Ra3 Nc3 35. Re1 Kh7 36. Kh2 Nd5 37. Rea1 Nf4 38. Rxa6 Rxa6
39. Rxa6 Bxe5 40. Ne4 Kg7 41. Ra5 f6 42. Kh1 Kg6 43. Nc5 Bf5 44. h4 Bc3 45.
Rb5 Be5 46. hxg5 hxg5 47. Kh2 Bc8 48. Rb3 Bf5 49. Rb7 Bd6 50. Rb5 Be5 51.
Rb4 Bd6 52. Rc4 Be5 53. Ne4 Be6 54. Ra4 Bd7 55. Ra6 Bc8 56. Rb6 Bf5 57. Nd2
Bg4 58. Nc4 Bd4 59. Rd6 Ne6 60. f3 Bf5 61. Be1 Ba7 62. Ra6 Bb8+ 63. Bg3 Nf4
64. Ra8 Bc7 65. Ra7 Bd8 66. Bf2 Be6 67. Nd6 Nd5 68. Nb5 Be7 69. Kh1 Bb4 70.
Nc7 Nxc7 71. Rxc7 Bd2 72. Rc6 Kf7 73. Bd4 Bf4 74. Kg1 Bg3 75. Kf1 f5 76.
Be3 g4 77. Ke2 gxf3+ 78. gxf3 Be5 79. f4 Bf6 80. Kd3 Bd5 81. Rb6 Be4+ 82.
Kc4 Ke7 83. Kc5 Bf3 84. Bd4 Bxd4+ 85. Kxd4 Be4 86. Ke5 Kf7 87. Rb3 Ke7 88.
Rg3 Kf7 89. Rg5 Ke7 90. Rg7+ Kf8 91. Kf6 Ke8 92. Rc7 Kd8 93. Re7 Bd3 94.
Re5 1-0

[Event "12th Open"]
[Site "Dubai UAE"]
[Date "2010.04.08"]
[Round "4"]
[White "Grabinsky,V"]
[Black "Petrosian,TL"]
[Result "1/2-1/2"]
[WhiteElo "2316"]
[BlackElo "2612"]
[EventDate "2010.04.05"]

1. c4 e5 2. g3 Nf6 3. Bg2 d5 4. cxd5 Nxd5 5. Nc3 Nb6 6. Nf3 Nc6 7. O-O Be7
8. a3 O-O 9. b4 Be6 10. Rb1 f6 11. d3 a5 12. b5 Nd4 13. e3 Nxf3+ 14. Bxf3
Nd5 15. Qc2 Rc8 16. Nxd5 Bxd5 17. Bxd5+ Qxd5 18. e4 Qe6 19. a4 Rfd8 20. Bd2
b6 21. Be3 Rd7 22. Rfc1 Ba3 23. Qc4 Re8 24. Rd1 Kf7 25. Kf1 Rc8 26. Ke2 Rd6
27. Qxe6+ Kxe6 28. d4 exd4 29. Rxd4 Rxd4 30. Bxd4 g6 31. Ra1 Bd6 32. Rc1
Re8 33. Kd3 g5 34. h3 h5 35. Rc6 g4 36. hxg4 hxg4 37. Be3 Rh8 38. Bf4 Rh1
39. Bxd6 cxd6 40. Rxb6 Ra1 41. Ra6 Ra3+ 42. Kd4 Rxa4+ 43. Kd3 Ke5 44. b6
Ra3+ 45. Ke2 Ra2+ 46. Kd3 Ke6 47. b7 Rb2 48. Rxa5 Rxb7 49. Ke3 Rb3+ 50. Kd4
1/2-1/2

[Event "12th Open"]
[Site "Dubai UAE"]
[Date "2010.04.08"]
[Round "4"]
[White "Abdulov,Or"]
[Black "Guseinov,G"]
[Result "0-1"]
[WhiteElo "2312"]
[BlackElo "2609"]
[EventDate "2010.04.05"]

1. e4 c5 2. Nf3 Nc6 3. d4 cxd4 4. Nxd4 Nf6 5. Nc3 d6 6. Be3 Ng4 7. Bb5 Nxe3
8. fxe3 Bd7 9. O-O e6 10. Bxc6 bxc6 11. Qf3 Qf6 12. Qxf6 gxf6 13. Rxf6 Bg7
14. Rf3 Rb8 15. Rb1 c5 16. Nde2 Bc6 17. b3 Be5 18. Rbf1 Rb7 19. Rh3 a5 20.
Rh4 Rb4 21. a3 Rb7 22. Nb1 a4 23. Nd2 Bb5 24. Rf2 Ra7 25. Nf3 axb3 26. cxb3
Rxa3 27. Nxe5 dxe5 28. Nc1 Ke7 29. Rc2 Rc8 30. Rh5 c4 31. Rxe5 0-1

[Event "12th Open"]
[Site "Dubai UAE"]
[Date "2010.04.08"]
[Round "4"]
[White "Berezina,I"]
[Black "Shyam,SM"]
[Result "1/2-1/2"]
[WhiteElo "2239"]
[BlackElo "2372"]
[EventDate "2010.04.05"]

1. d4 Nf6 2. c4 g6 3. Nc3 Bg7 4. e4 d6 5. Nf3 O-O 6. Be2 Nbd7 7. O-O e5 8.
Re1 exd4 9. Nxd4 Re8 10. Bf1 Nc5 11. f3 c6 12. Be3 a5 13. Qd2 Qb6 14. Rad1
a4 15. Kh1 Nfd7 16. h3 Qa5 17. Qc2 a3 18. b3 Na6 19. Qd2 Nb4 20. Bf2 Ne5
21. Rc1 h5 22. Be3 Be6 23. Red1 Bf6 24. Be2 Bd7 25. Bf1 h4 26. Be2 Bc8 27.
Bf1 Rd8 28. Qf2 Re8 29. Qd2 Bd7 30. Be2 Rad8 31. Bf1 Bc8 32. Bf2 Kg7 33.
Kg1 b6 34. Kh1 Bb7 35. Kg1 Rd7 36. Kh1 Red8 37. Qe1 Rh8 38. Qd2 Rdd8 39.
Kg1 Rd7 40. Kh1 Rdd8 41. Kg1 1/2-1/2

[Event "12th Open"]
[Site "Dubai UAE"]
[Date "2010.04.08"]
[Round "4"]
[White "Solomon,K"]
[Black "Balogh,C"]
[Result "1/2-1/2"]
[WhiteElo "2354"]
[BlackElo "2622"]
[EventDate "2010.04.05"]

1. Nf3 d5 2. d4 Nf6 3. c4 c6 4. Nc3 dxc4 5. a4 Bf5 6. Ne5 e6 7. f3 Bb4 8.
e4 Bxe4 9. fxe4 Nxe4 10. Bd2 Qxd4 11. Nxe4 Qxe4+ 12. Qe2 Bxd2+ 13. Kxd2
Qd5+ 14. Kc2 Na6 15. Nxc4 O-O 16. Qe5 Rab8 17. Rd1 Nb4+ 18. Kc1 Na2+ 19.
Kc2 Nb4+ 20. Kc1 Na2+ 1/2-1/2

[Event "12th Open"]
[Site "Dubai UAE"]
[Date "2010.04.08"]
[Round "4"]
[White "Shengelia,D"]
[Black "Grover,S"]
[Result "1-0"]
[WhiteElo "2567"]
[BlackElo "2434"]
[EventDate "2010.04.05"]

1. Nf3 c5 2. e3 Nc6 3. c4 e5 4. Nc3 Nf6 5. d4 cxd4 6. exd4 e4 7. Ne5 Bd6 8.
c5 Nxe5 9. cxd6 Ng6 10. h4 Qa5 11. h5 Nf8 12. d5 a6 13. Qd4 h6 14. b4 Qd8
15. Qe5+ 1-0

[Event "12th Open"]
[Site "Dubai UAE"]
[Date "2010.04.08"]
[Round "4"]
[White "Gupta,Ab"]
[Black "Satyapragyan,S"]
[Result "1/2-1/2"]
[WhiteElo "2560"]
[BlackElo "2466"]
[EventDate "2010.04.05"]

1. d4 Nf6 2. c4 e6 3. Nf3 Bb4+ 4. Nbd2 d5 5. a3 Be7 6. g3 O-O 7. Bg2 b6 8.
O-O Bb7 9. b4 Nbd7 10. c5 c6 11. Bb2 a5 12. Qc2 Ba6 13. Rfe1 axb4 14. axb4
Bb5 15. Nb1 Ne4 16. Nfd2 Rxa1 17. Bxa1 Nxd2 18. Nxd2 f5 19. Bb2 Qc7 20. Nb1
bxc5 21. bxc5 Rb8 22. Bc1 Qa5 23. Bd2 Qa6 24. Bf4 Rb7 25. Bf1 Bf6 26. Qc3
Qa4 27. Qe3 Kf7 28. Nc3 Bxd4 29. Qf3 Bxc3 30. Qxc3 Qc4 31. Qf3 Qxc5 32.
Qh5+ Kg8 33. Qe8+ Qf8 34. Qxe6+ Qf7 35. Qd6 Qf8 36. Qe6+ Qf7 37. Qd6 Qf8
1/2-1/2

[Event "12th Open"]
[Site "Dubai UAE"]
[Date "2010.04.08"]
[Round "4"]
[White "Ghader Pour,S"]
[Black "Arun Prasad,S"]
[Result "1/2-1/2"]
[WhiteElo "2213"]
[BlackElo "2549"]
[EventDate "2010.04.05"]

1. e4 c5 2. c3 b6 3. d4 Bb7 4. d5 Nf6 5. Qc2 d6 6. Nf3 Nbd7 7. c4 g6 8. Nc3
Bg7 9. Be2 O-O 10. O-O a6 11. a4 Qc7 12. Nd2 e5 13. a5 bxa5 14. Nb3 Rae8
15. Nxa5 Bc8 16. Be3 Nb8 17. Rfb1 Nfd7 18. Bg4 f5 19. exf5 Nf6 20. Bh3 e4
21. Ne2 gxf5 22. Nf4 Ng4 23. Bxg4 fxg4 24. Nh5 Be5 25. Bh6 Rf7 26. Ng3 e3
27. Bxe3 Bxg3 28. hxg3 Bf5 29. Qa4 Rxe3 30. fxe3 Bxb1 31. Rxb1 Qe7 32. Qb3
Qf6 33. Qxb8+ Rf8 34. Qc7 Qf2+ 35. Kh2 Rf6 36. Qc8+ Kg7 37. Qxg4+ Rg6 38.
Qd7+ Kg8 39. Qe8+ Kg7 40. Qe7+ Kg8 41. Qe8+ Kg7 1/2-1/2

[Event "12th Open"]
[Site "Dubai UAE"]
[Date "2010.04.08"]
[Round "4"]
[White "Hejazipour,M"]
[Black "Ramnath,B"]
[Result "1-0"]
[WhiteElo "2216"]
[BlackElo "2360"]
[EventDate "2010.04.05"]

1. e4 c5 2. Nf3 Nc6 3. Nc3 e5 4. Bc4 d6 5. d3 Be7 6. O-O Nf6 7. Ng5 O-O 8.
f4 Bg4 9. Qe1 exf4 10. Bxf4 Nd4 11. Qd2 Qd7 12. a4 h6 13. Nf3 Nxf3+ 14.
gxf3 Be6 15. Kh1 Kh7 16. Rg1 d5 17. Qg2 Rg8 18. Bb5 Qc8 19. Rae1 d4 20. Ne2
g5 21. Bd2 Qc7 22. Bc4 Bxc4 23. dxc4 Bd6 24. Ng3 Bxg3 25. hxg3 Rae8 26. Qh3
Qd7 27. g4 Qxa4 28. b3 Qc6 29. Re2 Nd7 30. Rh2 Rg6 31. Rd1 Kg7 32. Kg2 Ne5
33. Qg3 Ree6 34. Rh3 Kf8 35. Rdh1 Nd7 36. Rh5 Ke8 37. Qh2 Rgf6 38. Rf1 Ne5
39. Bxg5 hxg5 40. Rxg5 Ng6 41. Qb8+ Ke7 42. Rd5 Nf4+ 43. Kf2 Qb6 44. g5
Nh3+ 45. Kg3 Rg6 46. Kxh3 Rg7 47. Qc8 Qc6 48. Qd8+ 1-0

[Event "12th Open"]
[Site "Dubai UAE"]
[Date "2010.04.08"]
[Round "4"]
[White "Venkatesh,M"]
[Black "Mirzoeva,E"]
[Result "1/2-1/2"]
[WhiteElo "2441"]
[BlackElo "2230"]
[EventDate "2010.04.05"]

1. e4 c6 2. d4 d5 3. f3 e6 4. Nc3 Bb4 5. Bf4 b6 6. Nge2 Ba6 7. a3 Bd6 8.
Be3 Ne7 9. Qd2 Nd7 10. Nf4 Bxf1 11. Rxf1 Ng6 12. Nce2 Nxf4 13. Nxf4 Bxf4
14. Bxf4 Nf6 15. Be5 O-O 16. Qg5 Ne8 17. Qg4 Qd7 18. O-O-O f6 19. Bg3 Nd6
20. Rfe1 Rae8 21. h4 dxe4 22. fxe4 f5 23. exf5 exf5 24. Qf3 Ne4 25. Be5 Qd5
26. Kb1 c5 27. Qf4 h5 28. Re3 Re6 29. Qf3 Rg6 30. c4 Qxc4 31. dxc5 Qxc5 32.
Bd4 Qc4 33. Red3 Rg3 34. Qe2 Rd8 35. Be3 Rxd3 36. Rxd3 Nd6 37. Qd2 Qe4 38.
Ka1 Nc4 39. Rd8+ Kh7 40. Qd1 Qxe3 41. Qxh5+ Qh6 42. Qxf5+ Rg6 43. Ka2 Qc1
44. Qh5+ Rh6 45. Qf3 Rg6 46. Qh5+ Rh6 47. Qf5+ 1/2-1/2

[Event "12th Open"]
[Site "Dubai UAE"]
[Date "2010.04.08"]
[Round "4"]
[White "Sharapov,E"]
[Black "Hrabinska,M"]
[Result "1-0"]
[WhiteElo "2498"]
[BlackElo "2293"]
[EventDate "2010.04.05"]

1. e4 c5 2. Nf3 e6 3. d4 cxd4 4. Nxd4 a6 5. Bd3 Nf6 6. O-O Qc7 7. Qe2 Bd6
8. h3 Nc6 9. Nxc6 dxc6 10. a4 e5 11. Be3 a5 12. Nd2 Nd7 13. Nc4 Bc5 14. Qg4
Kf8 15. Qg3 Bxe3 16. Qxe3 b5 17. axb5 cxb5 18. Nd2 b4 19. Nb3 Bb7 20. Bb5
Nf6 21. Qc5+ Qe7 22. f3 Rc8 23. Qxe7+ Kxe7 24. Rxa5 Rxc2 25. Ra7 Rb8 26.
Ba6 Rc7 27. Rc1 Kd8 28. Nc5 Bc6 29. Rxc7 Kxc7 30. Bc4 Kd6 31. Bxf7 g6 32.
Nd3 Rb7 33. Bb3 Bb5 34. Bc4 Bc6 35. Rd1 Nd7 36. Nxb4+ 1-0

[Event "12th Open"]
[Site "Dubai UAE"]
[Date "2010.04.08"]
[Round "4"]
[White "Mohannad,F"]
[Black "Dzagnidze,N"]
[Result "0-1"]
[WhiteElo "2254"]
[BlackElo "2479"]
[EventDate "2010.04.05"]

1. d4 Nf6 2. c4 e6 3. Nf3 b6 4. g3 Ba6 5. Bg2 Bxc4 6. O-O Be7 7. Nc3 c6 8.
Re1 d5 9. Ne5 Ba6 10. e4 O-O 11. Bf4 Bb7 12. exd5 cxd5 13. Rc1 Nbd7 14. Nd3
Rc8 15. Nb5 Rxc1 16. Nxc1 a6 17. Nc3 Qa8 18. Nd3 Ne4 19. Ne2 Rc8 20. f3 Nd6
21. Bh3 Nc4 22. g4 Nf8 23. Bc1 Bc6 24. g5 Ng6 25. Ng3 Be8 26. f4 Bf8 27. f5
exf5 28. Nxf5 Rd8 29. Qf3 Nd6 30. Ne3 Ne4 31. Ng2 Be7 32. Qh5 Qc6 33. Be3
Qc2 34. Rd1 Ba4 35. b3 Bb5 36. Nge1 Qxa2 37. Nc1 Qb2 38. Nf3 Bd6 39. Bf5
Re8 40. Re1 Bb4 41. Bxg6 hxg6 42. Qh4 Bxe1 43. Qxe1 Qc3 44. Qxc3 Nxc3 45.
Bf4 f6 46. Kf2 Ne2 47. Nxe2 Rxe2+ 48. Kg3 Bd3 49. gxf6 gxf6 50. Bc7 Be4 51.
Kg4 f5+ 0-1